000 00296cam a22001097a 4500
008 180718b1981 xxu||||| |||| 00| 0 eng d
082 _aI513 D969
100 _aDwivedi, R.S.
245 _aDynamics of human behaviour at work
_cby R.S. Dwivedi
260 _aNew Delhi
_bOxford
_c1981
300 _a599p.
999 _c435511
_d435511